[Event "Kerch Panticapaeum Rapid op"]
[Site "Kerch"]
[Date "2021.09.22"]
[Round "7"]
[White "Kudritsky, Maksim"]
[Black "Tomilova, Elena"]
[Result "0-1"]
[WhiteElo "1935"]
[BlackElo "2256"]
[PlyCount "76"]
[EventDate "2021.09.21"]
[EventType "swiss (rapid)"]
[EventRounds "9"]
[EventCountry "RUS"]
[SourceTitle "CBM 204 Extra"]
[Source "ChessBase"]
[SourceDate "2021.11.30"]
[SourceVersion "1"]
[SourceVersionDate "2021.11.30"]
[SourceQuality "1"]

1. e4 e6 2. d4 d5 3. Nd2 Nc6 4. Ngf3 Nf6 5. Bd3 Nb4 6. 0-0 Nxd3 7. cxd3 Be7 8. Re1 0-0 9. Nf1 b6 10. Ne5 Bb7 11. Ng3 c5 12. dxc5 Bxc5 13. Bg5 Be7 14. Qa4 Qe8 15. Qb3 h6 16. Bd2 Qb8 17. Nf3 Nd7 18. Bc3 dxe4 19. dxe4 Rd8 20. Rad1 Nc5 21. Qc2 Bf8 22. b4 Nd7 23. Rd2 a5 24. bxa5 bxa5 25. Bb2 Nc5 26. Red1 Qc7 27. Nd4 Qf4 28. Nde2 Qc7 29. Ba3 Rxd2 30. Rxd2 Qb6 31. Nc3 Rc8 32. Qb2 Qc6 33. h3 Ba6 34. Qb1 Na4 35. Nxa4 Bxa3 36. Qb3 Bd6 37. Ne2 Bxe2 38. Rxe2 Qc1+ 0-1